[Event "Campo Grande op 2nd"]
[Site "Campo Grande"]
[Date "2014.09.06"]
[Round "2"]
[White "Moretto, Ronaldo"]
[Black "De Abreu, Vitor Lourenco Marc"]
[Result "1/2-1/2"]
[WhiteElo "1800"]
[BlackElo "1711"]
[PlyCount "55"]
[EventDate "2014.09.05"]
[EventType "swiss"]
[EventRounds "5"]
[EventCountry "BRA"]
[SourceTitle "CBM 162 Extra"]
[Source "ChessBase"]
[SourceDate "2014.10.17"]
[SourceVersion "1"]
[SourceVersionDate "2014.10.17"]
[SourceQuality "1"]

1. e4 d5 2. exd5 Qxd5 3. Nc3 Qa5 4. d4 Nf6 5. Bc4 Bg4 6. f3 Bf5 7. Bd2 c6 8. Nd5 Qd8 9. Ne3 Bg6 10. Ne2 e6 11. 0-0 Bd6 12. Ng4 Nbd7 13. Bg5 Bh5 14. Nxf6+ Nxf6 15. Bf4 Be7 16. g4 Bg6 17. h4 h5 18. g5 Nd5 19. Bxd5 exd5 20. Re1 0-0 21. Bg3 Qd7 22. Nf4 Bd6 23. Nxg6 fxg6 24. Bxd6 Qxd6 25. Re5 Rf4 26. Kf2 Raf8 27. Kg3 Qd7 28. Re3 1/2-1/2

[Event "Campo Grande op 2nd"]
[Site "Campo Grande"]
[Date "2014.09.05"]
[Round "1"]
[White "Vilela Pereira, Igor"]
[Black "Moretto, Ronaldo"]
[Result "1-0"]
[WhiteElo "1967"]
[BlackElo "1800"]
[PlyCount "75"]
[EventDate "2014.09.05"]
[EventType "swiss"]
[EventRounds "5"]
[EventCountry "BRA"]
[SourceTitle "CBM 162 Extra"]
[Source "ChessBase"]
[SourceDate "2014.10.17"]
[SourceVersion "1"]
[SourceVersionDate "2014.10.17"]
[SourceQuality "1"]

1. e4 c6 2. d3 d5 3. Nd2 dxe4 4. dxe4 e5 5. Ngf3 Bg4 6. Bc4 Nd7 7. Bxf7+ Kxf7 8. Nc4 Bxf3 9. Qxf3+ Qf6 10. Qb3 Ke8 11. Qxb7 Rb8 12. Qc7 Bc5 13. 0-0 Qe6 14. Rd1 Ngf6 15. Nd6+ Bxd6 16. Rxd6 Qe7 17. Bg5 Kf7 18. Rad1 Nc5 19. Qxc6 Rhc8 20. Bxf6 gxf6 21. Qd5+ Kf8 22. b3 Rb6 23. Rxb6 axb6 24. h3 Ne6 25. Qb5 Nd4 26. Qxb6 Rxc2 27. a4 Rb2 28. Rd3 Rb1+ 29. Kh2 Rb2 30. Rg3 Kf7 31. Qb8 Ke6 32. f4 Nc6 33. f5+ Kd7 34. Rd3+ Nd4 35. Rc3 Rc2 36. Qc8+ Kd6 37. Rxc2 Nxc2 38. Qxc2 1-0